000 00512nam a2200169Ia 4500
003 LK-CoDNM
008 010623t1995 xxu||||| |||| 00| 1 eng d
040 _aLK-CoDNM
_dLK-CoDNM
_eLK-CoDNM
041 _aeng
080 _a801.5(802.0)
_bGAM
100 _aGamlath, Sucharitha
245 _aවිද්‍යාත්මක ඉංග්‍රීසි ව්‍යාකරණය 1
246 _aVidyathmaka engreesi viyakaranaya-1
260 _bS.Godage
_aColombo
_c1995
300 _b120, 22 cm
942 _cBK
999 _c117281
_d117281